000 00409nmm a2200145Ia 4500
008 251105s9999||||xx |||||||||||||||||und||
041 _aspa
100 _aMoreno, María José
245 0 _aVida y milagros de un ex
264 _a[Madrid, España] :
_bEdiciones B,
_c2014
300 _a64 páginas
650 _aSpanish narrative
856 _uhttps://public.digitaliapublishing.com/a/54028
942 _cCF
999 _c104956
_d104956